000 00959nam a22002777a 4500
001 188
003 FISKH
005 20230303095251.0
008 230303b cb ||||| |||| 00| 0 eng d
040 _aDLC
_cDLC
_dDLC
_dFISKH
_beng
042 _alcac
050 0 0 _aPZ10.3.G257
_bHo
082 0 0 _a811
100 1 _aGeisel, Theodor Seuss
_cDr.
_d1904-1991
245 1 0 _aHorton hatches the egg,
_cby Dr. Seuss.
260 _aNew York
_bRandom House
_c1968
300 _a27 leaves of plates
_bcol. illus.
_c29 x 21 cm.
520 _aWhen a lazy bird hatching an egg wants a vacation, she asks Horton, the elephant, to sit on her egg--which he does through all sorts of hazards until he is rewarded for doing what he said he would.
521 8 _a560
_bLexile
521 8 _aH
_bRaz-Plus
650 0 _aElephants
_xJuvenile fiction.
650 1 _aFantasy.
650 1 _aStories in rhyme.
906 _a7
_bcbc
_corignew
_du
_eocip
_f19
_gy-gencatlg
942 _2ddc
_cBK
_n0
999 _c188
_d188